30 biggest cities in Kansas - Statistics

General Stats
  • This quiz has been taken 58 times
  • The average score is 16 of 30
Answer Stats
Population City % Correct
125,475 Topeka
96%
396,119 Wichita
96%
152,933 Kansas City
93%
197,089 Overland Park
91%
96,207 Lawrence
84%
147,461 Olathe
84%
27,514 Dodge City
80%
53,682 Manhattan
80%
45,792 Salina
64%
69,417 Shawnee
64%
20,504 Pittsburg
62%
21,040 Hays
60%
37,034 Leavenworth
60%
58,536 Lenexa
60%
24,105 Emporia
58%
39,662 Hutchinson
58%
27,371 Garden City
56%
26,233 Derby
47%
18,999 Liberal
47%
21,856 Junction City
44%
33,980 Leawood
42%
25,378 Gardner
38%
22,900 Prairie Village
27%
14,372 Great Bend
20%
18,251 Newton
20%
12,686 Ottawa
20%
13,906 McPherson
16%
11,765 Arkansas City
13%
12,919 El Dorado
13%
15,814 Andover
11%
No matching quizzes found
Score Distribution
Percent of People with Each Score
Percentile by Number Answered
Your Score History
You have not taken this quiz